Szczegóły MARC21

Postać w dramacie : obraz człowieka w dramaturgii amerykańskiej /

003 -Nazwa inst., której nr kontr. jest w polu 001 [,]
    • @
    • Nazwa instytucji, której n kontrolny jest w polu 001
    • NUKAT
005 -DATA I CZAS OSTATNIEJ MODYFIKACJI [,]
    • @
    • pole kontrolne
    • 20241231095257.0
020 -Międzynarod. znormalizowany nr książki - ISBN [ , ]
    • a
    • Numer ISBN
    • 8322600550 Find
040 -Instytucja sporządzająca opis [ , ]
    • a
    • Instytucja, która sporządziła opis (NP)
    • TOR U/TSZ
    • c
    • Instytucja, która sporządziła rekord (NP)
    • TOR U/ANGdgd
    • d
    • Instytucja, która zmodyfikowała rekord (P)
    • TOR U/AP
    • d
    • Instytucja, która zmodyfikowała rekord (P)
    • GD U/ISSs
041 -Język dokumentu [0, ]
    • a
    • Język tekstu (P)
    • polski
    • b
    • Język streszczeń lub abstraktu (P)
    • angielski
    • b
    • Język streszczeń lub abstraktu (P)
    • rosyjski
942 -Rodzaj dokumentu [ , ]
    • c
    • Rodzaj dokumentu
    • Książka
100 -Hasło główne - nazwa osobowa [1, ]
    • a
    • Nazwa osobowa (NP)
    • Pyzik, Teresa
    • d
    • Daty biograficzne (NP)
    • (1941- ).
    • 9
    • KHW
    • 38789
245 -Strefa tytułu i oznaczenia odpowiedzialności [1,0]
    • a
    • Tytuł
    • Postać w dramacie : Find
    • b
    • Ciąg dalszy tytułu (NP)
    • obraz człowieka w dramaturgii amerykańskiej / Find
    • c
    • Pozostałe elementy strefy tytułu i oznaczenia odpowiedzialności (NP)
    • Teresa Pyzik.
260 -Strefa adresu wydawniczego [ , ]
    • a
    • Miejsce wydania (P)
    • Katowice :
    • b
    • Nazwa wydawcy (P)
    • Uniwersytet Śląski,
    • c
    • Data wydania (P)
    • 1986.
300 -Strefa opisu fizycznego [ , ]
    • a
    • Określenie formy książki i/lub objętość (NP)
    • 187 s. :
    • b
    • Oznaczenie ilustracji (NP)
    • err. ;
    • c
    • Format (NP)
    • 24 cm.
336 -Typ zawartości [ , ]
    • a
    • Termin opisujący typ zawartości
    • Tekst
    • b
    • Kod określający zawartość
    • txt
    • 2
    • Źródło (terminu i kodu)
    • rdacontent
337 -Typ mediów [ , ]
    • a
    • Tryb odtwarzania
    • Bez urządzenia pośredniczącego
    • b
    • Kod typu mediów
    • n
    • 2
    • Źródło (terminu i kodu)
    • rdamedia
338 -Typ/rodzaj nośnika [ , ]
    • a
    • Hasło opisujące typ nośnika
    • Wolumin
    • b
    • Kod typu nośnika
    • nc
    • 2
    • Źródło (terminu i kodu)
    • rdacarrier
490 -Strefa serii i książki wielotomowej - forma nie do wyszukiwania [1, ]
    • a
    • Tytuł (P)
    • Prace Naukowe Uniwersytetu Śląskiego w Katowicach, Find
    • x
    • ISSN (NP)
    • 0208-6336 ;
    • v
    • Numeracja (P)
    • nr 773
830 -Hasło dodatkowe serii i opisu książki wielotomowej - tytuł ujednolicony/tytuł [ ,0]
    • a
    • Tytuł ujednolicony/tytuł (NP)
    • Prace Naukowe Uniwersytetu Śląskiego w Katowicach
    • x
    • ISSN
    • 0208-6336
    • v
    • Oznaczenie tomu (NP)
    • nr 773
    • 9
    • KHW
    • 59
504 -Uwaga dot. bibliogr. załącznikowej [ , ]
    • a
    • Uwaga dot. bibliografii załącznikowej
    • Bibliogr. s. 178-185.
546 -Uwaga dot. języka [ , ]
    • a
    • Uwaga dot. języka
    • Streszcz. ang., ros.
080 -Uniwersalna Klasyfikacja Dziesiętna [ , ]
    • a
    • Symbol klasyfikacji
    • 820(73)-2(091)"17/19"
650 -Hasło przedmiotowe [ ,7]
    • a
    • Hasło przedmiotowe
    • Dramat amerykański
    • x
    • Określnik rzeczowy
    • historia i krytyka.
    • 2
    • Źródło terminu
    • kaba
    • 9
    • KHW
    • 485060
650 -Hasło przedmiotowe [ ,7]
    • a
    • Hasło przedmiotowe
    • Postacie literackie.
    • 2
    • Źródło terminu
    • kaba
    • 9
    • KHW
    • 125235
980 -Symbol UKD [ , ]
    • a
    • UKD
    • 820(73)-2(091)"17/19"
710 -Hasło dodatkowe - nazwa ciała zbiorowego [2, ]
    • a
    • Nazwa ciała zbiorowego lub nazwa geograficzna jako pierwszy element (NP)
    • Uniwersytet Śląski (Katowice).
    • b
    • Nazwa jednostki podrzędnej (P)
    • Wydawnictwo.
    • 4
    • Kod relacji
    • pbl
    • 9
    • KHW
    • 52826
920 -ISBN [ , ]
    • a
    • ISBN
    • 83-226-0055-0 Find
Data inwentaryzacji Lokalizacja Status udost. Numer inwentarzowy Sygnatura
1999-08-18BG-3W.135190W.135189
1999-08-18BG-3W.135191W.135189
1999-08-18BG-3W.135192W.135189
1999-08-18BG1Z.63722Z.63722
1999-08-18BG-3W.135189 
1999-08-18BM1P.5653ANG. Dramat amerykański 07